| 000 | 00406nam a2200145 a 4500 | ||
|---|---|---|---|
| 001 | 4860 | ||
| 003 | CDMR | ||
| 005 | 20151016130001.0 | ||
| 008 | 130130s1993||||||||||||||||||||||||||||d | ||
| 040 |
_aCDMR _bcat _cCPC LLEIDA |
||
| 110 |
_91020 _aUniversitat de Lleida |
||
| 245 | 2 | _aI Jornades sobre el patrimoni etnològic a les terres de ponent i l'alt pirineu | |
| 260 |
_aLleida _c1993 _bUdL |
||
| 942 |
_cMON _2ddc |
||
| 999 |
_c4860 _d4860 |
||